[Event "26th EUR-ch"]
[Site "Katowice POL"]
[Date "2026.04.08"]
[Round "2.131"]
[White "Risteski, Emil"]
[Black "Bubalovic, Davorin"]
[Result "1/2-1/2"]
[WhiteElo "2416"]
[BlackElo "2087"]
[EventDate "2026.04.07"]
[PlyCount "55"]

1.e4 c5 2.Nf3 d6 3.d4 cxd4 4.Nxd4 Nf6 5.Nc3 a6 6.Nb3 Nc6 7.Be3 e6 8.g4 h6 
9.h4 Be7 10.Rg1 d5 11.exd5 Nxd5 12.Nxd5 exd5 13.Qe2 Be6 14.O-O-O Qc7 15.f4
d4 16.Nxd4 Nxd4 17.Bxd4 Qxf4+ 18.Qd2 Qxd2+ 19.Rxd2 Bxh4 20.Bxg7 Rh7 21.Bc3
Bg5 22.Bd3 Bxd2+ 23.Kxd2 O-O-O 24.Bf6 Rxd3+ 25.Kxd3 h5 26.gxh5 Rxh5 27.c4 
Kd7 28.Rg3 1/2-1/2

[Event "26th EUR-ch"]
[Site "Katowice POL"]
[Date "2026.04.08"]
[Round "2.132"]
[White "Reuker, Jari"]
[Black "Nguyen, Khoi"]
[Result "1-0"]
[WhiteElo "2413"]
[BlackElo "2037"]
[EventDate "2026.04.07"]
[PlyCount "59"]

1.d4 Nf6 2.c4 e6 3.Nf3 d5 4.g3 dxc4 5.Bg2 Nbd7 6.O-O c6 7.a4 b6 8.Nfd2 Ba6
9.Bxc6 Rc8 10.Bb5 Bb7 11.Nc3 h5 12.e4 h4 13.g4 Bb4 14.Qe2 O-O 15.g5 Ne8 
16.Nxc4 Nb8 17.Ne5 Nd6 18.Bd3 Bxc3 19.bxc3 Rxc3 20.Re1 Nd7 21.Nxd7 Qxd7 
22.Bb2 Rc7 23.Rad1 Rfc8 24.d5 Nc4 25.Ba1 e5 26.Qh5 h3 27.Bf1 Qd6 28.Rd3 
Kf8 29.Qh8+ Ke7 30.Qxg7 1-0

[Event "26th EUR-ch"]
[Site "Katowice POL"]
[Date "2026.04.08"]
[Round "2.133"]
[White "Odabasi, Ruzgar"]
[Black "Karsay, Pascal"]
[Result "1-0"]
[WhiteElo "2065"]
[BlackElo "2412"]
[EventDate "2026.04.07"]
[PlyCount "79"]

1.d4 e6 2.c4 b6 3.Nc3 Bb4 4.Bd2 Nf6 5.f3 Nh5 6.g3 O-O 7.Bg2 c6 8.a3 Bxc3 
9.Bxc3 d5 10.e4 Ba6 11.cxd5 cxd5 12.e5 Nf4 13.Bf1 Bxf1 14.Kxf1 Ng6 15.Kg2 
Nc6 16.f4 a5 17.Qe2 Qd7 18.Nf3 b5 19.h4 b4 20.axb4 axb4 21.Bd2 Nge7 22.h5 
h6 23.g4 Qb7 24.Qd3 Rxa1 25.Rxa1 Ra8 26.Rxa8+ Qxa8 27.f5 Qa2 28.f6 Nc8 29.
fxg7 Qxb2 30.Qe3 Qc2 31.Qxh6 Qh7 32.Qxh7+ Kxh7 33.h6 N8e7 34.g5 Nf5 35.Nh2
b3 36.Bc3 Ne3+ 37.Kf3 Nd1 38.Ng4 Ne7 39.Nf6+ Kg6 40.Bb4 1-0

[Event "26th EUR-ch"]
[Site "Katowice POL"]
[Date "2026.04.08"]
[Round "2.134"]
[White "Frankiv, Oleksandr"]
[Black "Vagman, Roy"]
[Result "0-1"]
[WhiteElo "1892"]
[BlackElo "2377"]
[EventDate "2026.04.07"]
[PlyCount "78"]

1.e4 c5 2.Nf3 d6 3.d4 cxd4 4.Nxd4 Nf6 5.f3 e5 6.Nb3 Be7 7.c4 a5 8.Be3 a4 
9.N3d2 Nc6 10.a3 Nh5 11.Nc3 Bg5 12.Bf2 Qa5 13.c5 Be6 14.Nc4 Bxc4 15.Bxc4 
dxc5 16.Qd5 O-O 17.Qxc5 Qxc5 18.Bxc5 Rfc8 19.Nd5 Na5 20.Be7 Bxe7 21.Nxe7+ 
Kf8 22.Nxc8 Nxc4 23.Nd6 Nxd6 24.O-O-O Rc8+ 25.Kb1 Ke7 26.g3 Nf6 27.Rc1 Nc4
28.Rhd1 Rc6 29.Rd3 Ne8 30.Ka2 Ned6 31.Rdc3 b5 32.b3 axb3+ 33.Kxb3 Ra6 34.
Kb4 Kd7 35.Kc5 Kc7 36.f4 Rc6+ 37.Kd5 f6 38.fxe5 fxe5 39.h3 Nf7 0-1

[Event "26th EUR-ch"]
[Site "Katowice POL"]
[Date "2026.04.08"]
[Round "2.135"]
[White "Nunez Gregoire, Daniel"]
[Black "Zuqanov, Ali"]
[Result "1/2-1/2"]
[WhiteElo "2375"]
[BlackElo "2015"]
[EventDate "2026.04.07"]
[PlyCount "120"]

1.d4 Nf6 2.c4 g6 3.Nc3 Bg7 4.e4 d6 5.Be2 O-O 6.Nf3 e5 7.d5 a5 8.Bg5 h6 9.
Bh4 g5 10.Bg3 Nh5 11.Nd2 Nf4 12.O-O Nd7 13.Bg4 Nc5 14.Bxc8 Qxc8 15.Nb3 b6 
16.Nxc5 bxc5 17.f3 f5 18.Bf2 h5 19.Kh1 Kh8 20.Be3 Qe8 21.g3 Nh3 22.Kg2 
fxe4 23.fxe4 g4 24.Rxf8+ Bxf8 25.Qa4 Qg6 26.Rf1 Bh6 27.Bxh6 Qxh6 28.Qc2 
Rf8 29.Rxf8+ Qxf8 30.Qe2 Qh6 31.Qe1 Qf6 32.Qe3 Kg7 33.Nd1 Kg6 34.b3 Kg7 
35.Nc3 Kg6 36.Nb5 Qe7 37.Qe1 Qf6 38.Qe3 Qg5 39.Qxg5+ Nxg5 40.Nc3 Nf3 41.h4
Kf6 42.Kf2 Ke7 43.Ke3 Kd7 44.Kd3 Nh2 45.Kc2 Nf1 46.Ne2 Kc8 47.Kd1 Kb7 48.
Nc3 Nh2 49.Ke2 Nf3 50.Kd3 Ne1+ 51.Kd2 Nf3+ 52.Kc2 Nh2 53.Kd3 Nf3 54.Nd1 
Ne1+ 55.Kc3 Nf3 56.Ne3 Nd4 57.Kd3 Kc8 58.Nf5 Nxf5 59.exf5 Kd7 60.f6 Ke8 
1/2-1/2

[Event "26th EUR-ch"]
[Site "Katowice POL"]
[Date "2026.04.08"]
[Round "2.136"]
[White "Hrckova, Anna"]
[Black "Ambartsumian, Tyhran"]
[Result "0-1"]
[WhiteElo "1778"]
[BlackElo "2372"]
[EventDate "2026.04.07"]
[PlyCount "80"]

1.e4 e5 2.Nf3 Nc6 3.Bb5 a6 4.Ba4 Nf6 5.O-O Be7 6.Re1 b5 7.Bb3 O-O 8.h3 d6 
9.c3 h6 10.d3 Na5 11.Bc2 c5 12.d4 cxd4 13.cxd4 Nc6 14.Nbd2 a5 15.Nf1 a4 
16.a3 Bd7 17.Be3 Qb8 18.Rc1 Na5 19.N1d2 Re8 20.Qe2 Bd8 21.dxe5 dxe5 22.
Nxe5 Qxe5 23.Nf3 Qh5 24.e5 Nc4 25.Qd3 Nxe5 26.Nxe5 Rxe5 27.Bd4 Rd5 28.Qe3 
Be6 29.Bxf6 Bxf6 30.Be4 Bxb2 31.Rb1 Bd4 32.Qf3 Qxf3 33.Bxf3 Rad8 34.Bxd5 
Rxd5 35.Red1 g5 36.Rd2 Bf6 37.Re2 Kg7 38.Re3 Kg6 39.g3 Bxh3 40.f4 Bd4 0-1

[Event "26th EUR-ch"]
[Site "Katowice POL"]
[Date "2026.04.08"]
[Round "2.137"]
[White "Holtel, Jasper"]
[Black "Galazka, Aleksander"]
[Result "1/2-1/2"]
[WhiteElo "2370"]
[BlackElo "1913"]
[EventDate "2026.04.07"]
[PlyCount "90"]

1.Nf3 b6 2.e4 c5 3.Nc3 Nc6 4.d4 cxd4 5.Nxd4 Bb7 6.Nxc6 dxc6 7.Bd3 e5 8.O-O
Nf6 9.Qe2 Qc7 10.Nd1 g6 11.Ne3 Bg7 12.a4 O-O 13.Nc4 Nh5 14.g3 Bc8 15.Be3 
c5 16.Bd2 Bh3 17.Rfe1 Nf6 18.Ne3 h5 19.a5 Be6 20.f3 Kh7 21.Bc4 Bxc4 22.
Qxc4 Bh6 23.Bc3 Bxe3+ 24.Rxe3 Rab8 25.axb6 axb6 26.Ree1 b5 27.Qe2 Nd7 28.
Kg2 f6 29.Red1 b4 30.Bd2 Rfd8 31.Qe3 Nf8 32.Ra6 Rb6 33.Rda1 Rxa6 34.Rxa6 
Qd7 35.Bxb4 Qb7 36.Ra4 Ne6 37.Bc3 Nd4 38.Bxd4 cxd4 39.Qa3 Rd7 40.Ra8 Rc7 
41.Kh3 Qb5 42.Qa6 Qxa6 43.Rxa6 Rxc2 44.Rxf6 Rxb2 45.Rd6 Rf2 1/2-1/2

[Event "26th EUR-ch"]
[Site "Katowice POL"]
[Date "2026.04.08"]
[Round "2.138"]
[White "Goroskov, Maksim"]
[Black "Walaszczyk, Aleksander"]
[Result "0-1"]
[WhiteElo "2364"]
[BlackElo "1879"]
[EventDate "2026.04.07"]
[PlyCount "120"]

1.e4 e5 2.Nf3 Nc6 3.Bc4 Nf6 4.d3 Bc5 5.O-O d6 6.c3 Bb6 7.h3 Qe7 8.a4 a5 9.
Na3 h6 10.Nc2 Be6 11.Bb5 O-O 12.Be3 Bxe3 13.Nxe3 Na7 14.Re1 Nxb5 15.axb5 
b6 16.Qc2 Nh5 17.d4 Qf6 18.dxe5 dxe5 19.Nd5 Bxd5 20.exd5 Rae8 21.Nh2 Nf4 
22.Qd1 e4 23.Ra4 Qg6 24.Qg4 Qxg4 25.hxg4 Nd3 26.Re2 f5 27.Rc4 Re7 28.Rd4 
Nc1 29.Re3 Nb3 30.Rd1 f4 31.Re2 Rd8 32.c4 Kf7 33.Nf1 Kf6 34.Nd2 Nxd2 35.
Rdxd2 Ke5 36.f3 e3 37.Rd3 Kd6 38.g3 g5 39.gxf4 gxf4 40.Kf1 Kc5 41.Rc3 h5 
42.gxh5 Rh8 43.Rh2 Rh6 44.Ke2 Re5 45.Kd3 Rhxh5 46.Rxh5 Rxh5 47.Ke4 Rh4 48.
Rc2 a4 49.Kf5 Kd4 50.c5 Kd3 51.cxb6 cxb6 52.Rc3+ Kd2 53.d6 Rh8 54.d7 Rd8 
55.Rc4 Rxd7 56.Rxa4 e2 57.Re4 e1=Q 58.Rxe1 Kxe1 59.Kxf4 Rd5 60.Ke4 Rxb5 
0-1

[Event "26th EUR-ch"]
[Site "Katowice POL"]
[Date "2026.04.08"]
[Round "2.139"]
[White "Damaso Tacoronte, Carolina"]
[Black "Kaczmarek, Aleksander"]
[Result "0-1"]
[WhiteElo "1918"]
[BlackElo "2340"]
[EventDate "2026.04.07"]
[PlyCount "111"]

1.d4 Nf6 2.Bf4 c5 3.e3 cxd4 4.exd4 d5 5.c3 Nc6 6.Bd3 Bg4 7.Qb3 Qd7 8.h3 
Bh5 9.Nd2 e6 10.Ngf3 Bd6 11.Bxd6 Qxd6 12.O-O O-O 13.Rfe1 Rab8 14.Ne5 Nd7 
15.Nxd7 Qxd7 16.Qc2 Bg6 17.Nf3 b5 18.Bxg6 hxg6 19.a3 Rfc8 20.Qe2 Qe7 21.
Ne5 Nxe5 22.Qxe5 Qf6 23.Qxf6 gxf6 24.g3 a5 25.Re3 Rc4 26.Rd3 g5 27.Kg2 Kg7
28.Rc1 Kg6 29.g4 f5 30.Re1 fxg4 31.hxg4 b4 32.axb4 axb4 33.Ra1 bxc3 34.
bxc3 Rb3 35.Rc1 Rb2 36.Kg3 Ra4 37.Rf3 Rc4 38.Rd3 Rb3 39.Re3 Ra4 40.Kg2 Rb2
41.Kg3 Raa2 42.Rf3 Rc2 43.Rxc2 Rxc2 44.Kg2 f5 45.gxf5+ exf5 46.Re3 g4 47.
Re5 Kg5 48.Re3 f4 49.Re5+ Kh4 50.Kg1 f3 51.Rxd5 Rc1+ 52.Kh2 Rf1 53.Rd8 
Rxf2+ 54.Kg1 Kg3 55.Rb8 Rh2 56.Rf8 0-1

[Event "26th EUR-ch"]
[Site "Katowice POL"]
[Date "2026.04.08"]
[Round "2.140"]
[White "Yilmaz, Mustafa"]
[Black "Pyrek, Marcin"]
[Result "1-0"]
[WhiteElo "2582"]
[BlackElo "1855"]
[EventDate "2026.04.07"]
[PlyCount "119"]

1.d4 Nf6 2.c4 g6 3.Nc3 Bg7 4.e4 d6 5.Nf3 O-O 6.Be2 e5 7.O-O exd4 8.Nxd4 
Nc6 9.Nc2 Re8 10.f3 Be6 11.Be3 Nd7 12.Qd2 a5 13.Rad1 Nc5 14.b3 f5 15.Nd5 
Ne7 16.Bg5 Bxd5 17.exd5 Qd7 18.Rfe1 Kh8 19.Bf1 Ng8 20.Nd4 Qf7 21.Nb5 b6 
22.Be3 Re7 23.Nd4 Rae8 24.Bf2 Rxe1 25.Rxe1 Nf6 26.Qd1 Nfd7 27.a3 Rxe1 28.
Bxe1 Bxd4+ 29.Qxd4+ Qg7 30.Qe3 Qf7 31.Bc3+ Nf6 32.b4 axb4 33.axb4 Nd7 34.
Bd4 Kg8 35.Be2 Qe8 36.Qd2 Kf7 37.Bd1 Qe7 38.Ba4 Ne5 39.Bb5 Ned7 40.Kf1 Ne5
41.Qc3 Ned7 42.Qd2 Ne5 43.Bb2 Ned7 44.Qf4 Ne5 45.Qd4 g5 46.Ba4 Ng6 47.Bc2 
f4 48.Bf5 Ne5 49.Qc3 Kg7 50.Be6 Qe8 51.Qc2 Qh5 52.Qe2 Qxh2 53.Bxe5 Qh1+ 
54.Kf2 Qh4+ 55.Kg1 dxe5 56.Qxe5 h5 57.Qxc7+ Kh6 58.Qe5 g4 59.Qxf4+ Kg7 60.
g3 1-0

[Event "26th EUR-ch"]
[Site "Katowice POL"]
[Date "2026.04.08"]
[Round "2.141"]
[White "Flak, Pawel"]
[Black "Acs, Peter"]
[Result "0-1"]
[WhiteElo "2111"]
[BlackElo "2573"]
[EventDate "2026.04.07"]
[PlyCount "138"]

1.d4 Nf6 2.Nf3 g6 3.g3 Bg7 4.Bg2 O-O 5.O-O d6 6.b3 a5 7.c4 c6 8.Bb2 a4 9.
Nbd2 Qa5 10.e4 a3 11.Bc1 c5 12.e5 dxe5 13.dxe5 Ng4 14.Ne4 Nc6 15.Bd2 Qb6 
16.Nc3 Ngxe5 17.Nxe5 Bxe5 18.Re1 Bg7 19.Nd5 Qd8 20.Bg5 f6 21.Be3 e6 22.
Bxc5 exd5 23.Bxd5+ Kh8 24.Bxf8 Qxf8 25.Bxc6 bxc6 26.Qf3 Bd7 27.Rad1 Qf7 
28.Rd6 h5 29.Red1 Ra7 30.Qe3 Rb7 31.Qd3 Bf5 32.Qd4 Re7 33.Qd2 Kh7 34.Re1 
c5 35.Rd5 Bf8 36.f3 Bh6 37.Qc3 Qe8 38.Rxe7+ Qxe7 39.Kf2 Kg8 40.Rd1 Kf7 41.
Rd5 Be6 42.Rd1 f5 43.Qa5 f4 44.Qa8 fxg3+ 45.hxg3 h4 46.Qe4 h3 47.Kg1 Bf5 
48.Qxe7+ Kxe7 49.Kh2 Bg7 50.g4 Bc2 51.Re1+ Kf7 52.Kxh3 Bb2 53.Kg3 Bxb3 54.
axb3 a2 55.Kf4 a1=Q 56.Rxa1 Bxa1 57.Ke4 Ke6 58.f4 Kd6 59.Kd3 Bg7 60.Ke4 
Bf8 61.Kd3 Kc6 62.Ke4 Kb6 63.Ke5 Ka5 64.g5 Kb4 65.Kf6 Bd6 66.f5 gxf5 67.
Ke6 Bf4 68.Kxf5 Bxg5 69.Kxg5 Kxb3 0-1

[Event "26th EUR-ch"]
[Site "Katowice POL"]
[Date "2026.04.08"]
[Round "2.142"]
[White "Vykouk, Jan"]
[Black "Podgorski, Maciej"]
[Result "1-0"]
[WhiteElo "2553"]
[BlackElo "2113"]
[EventDate "2026.04.07"]
[PlyCount "111"]

1.e4 c5 2.Be2 Nc6 3.d3 Nf6 4.f4 g6 5.Nf3 Bg7 6.O-O d5 7.e5 Ng4 8.h3 Nh6 9.
g4 O-O 10.c3 d4 11.Nbd2 f6 12.Ne4 f5 13.Nxc5 fxg4 14.hxg4 Bxg4 15.Nxd4 
Nxd4 16.Bxg4 Nxg4 17.Qxg4 Qd5 18.Ne4 Nc2 19.Rb1 Qxd3 20.Nf2 Qb5 21.Qd1 Na3
22.Ra1 Nc4 23.Qe2 Qc6 24.b3 Nb6 25.c4 Rf5 26.Qe4 Qc7 27.Be3 Raf8 28.Rad1 
e6 29.Ng4 Qe7 30.Rd2 h5 31.Nf6+ Bxf6 32.exf6 Qxf6 33.Rd6 Rg5+ 34.Kh2 Rg4 
35.Qxe6+ Qxe6 36.Rxe6 Kf7 37.f5 Rh4+ 38.Kg3 Rg4+ 39.Kh3 gxf5 40.Rh6 Re8 
41.Rxf5+ Kg7 42.Rfxh5 Rge4 43.Rh7+ Kg6 44.R5h6+ Kf5 45.Rf7+ Ke5 46.Rf3 Nc8
47.Kg3 b6 48.Bd2 Re6 49.Bf4+ Kd4 50.Rh5 Re2 51.Rd5+ Ke4 52.Bg5 Rg6 53.Rf4+
Ke3 54.Rf8+ Rxg5+ 55.Rxg5 Nd6 56.Rf3+ 1-0

[Event "26th EUR-ch"]
[Site "Katowice POL"]
[Date "2026.04.08"]
[Round "2.143"]
[White "Kempinski, Robert"]
[Black "Gajdzica, Maciej"]
[Result "1-0"]
[WhiteElo "2527"]
[BlackElo "2110"]
[EventDate "2026.04.07"]
[PlyCount "87"]

1.Nf3 d5 2.e3 Nf6 3.c4 e6 4.b3 Bd6 5.Bb2 O-O 6.Nc3 Re8 7.Qc2 a6 8.Be2 b6 
9.g4 Bb7 10.g5 Nfd7 11.Rg1 Nc6 12.a3 Nce5 13.Nxe5 Nxe5 14.f4 Ng6 15.Rg4 
Qe7 16.h4 e5 17.f5 Nf4 18.cxd5 Nxe2 19.Kxe2 c6 20.dxc6 Bxc6 21.d3 Rac8 22.
Qd2 Kh8 23.Ne4 Bd7 24.Ng3 g6 25.e4 Bc5 26.h5 gxf5 27.exf5 Bd4 28.g6 Bxb2 
29.Qxb2 f6 30.Rc1 b5 31.b4 Rxc1 32.Qxc1 Rc8 33.Qh6 Rg8 34.Kf2 a5 35.bxa5 
Rg7 36.Qe3 Qxa3 37.Qb6 Qa2+ 38.Ke3 Qd5 39.Qd8+ Qg8 40.Qxf6 h6 41.Qxe5 Qc8 
42.Rd4 Qc1+ 43.Kf2 Qd2+ 44.Ne2 1-0

[Event "26th EUR-ch"]
[Site "Katowice POL"]
[Date "2026.04.08"]
[Round "2.144"]
[White "Hasson Schrager, Shalev"]
[Black "Lopez Martinez, Josep Manuel"]
[Result "0-1"]
[WhiteElo "2110"]
[BlackElo "2510"]
[EventDate "2026.04.07"]
[PlyCount "60"]

1.e4 c5 2.Nf3 e6 3.d4 cxd4 4.Nxd4 Nc6 5.Nc3 a6 6.Be3 Nf6 7.Qf3 Bb4 8.Nxc6 
bxc6 9.Bg5 Qa5 10.Bxf6 gxf6 11.Qxf6 Rg8 12.O-O-O Rb8 13.g3 Bf8 14.Bc4 Rxb2
15.Nb1 Bg7 16.Qf3 Qb4 17.Bb3 Rxa2 18.Rd3 Ra1 19.Qf4 Qa5 20.c3 Bxc3 21.Kc2 
Be5 22.Qe3 Ra2+ 23.Kd1 Rb2 24.Qc1 Rxf2 25.Nd2 Bc7 26.Ke1 Bb6 27.Rf1 Rxh2 
28.Rdf3 Qb4 29.Kd1 Qd4 30.Kc2 Ba5 0-1

[Event "26th EUR-ch"]
[Site "Katowice POL"]
[Date "2026.04.08"]
[Round "2.145"]
[White "Lashkin, Jegor"]
[Black "Palamarchuk, Andriy"]
[Result "1-0"]
[WhiteElo "2493"]
[BlackElo "2110"]
[EventDate "2026.04.07"]
[PlyCount "39"]

1.e4 e5 2.Nf3 Nc6 3.Bc4 d6 4.d4 Bg4 5.h3 Bxf3 6.Qxf3 Qf6 7.Qb3 O-O-O 8.d5 
Nb8 9.Be3 a6 10.Nd2 g6 11.a4 Bh6 12.Ra3 Qg7 13.Be2 f5 14.Nc4 Bxe3 15.Qxe3 
Nd7 16.Qa7 Nc5 17.b4 Nxe4 18.f3 Nef6 19.Nb6+ cxb6 20.Qa8+ 1-0

[Event "26th EUR-ch"]
[Site "Katowice POL"]
[Date "2026.04.08"]
[Round "2.146"]
[White "Marzano, Carlo"]
[Black "Ahmad, Khagan"]
[Result "0-1"]
[WhiteElo "2108"]
[BlackElo "2483"]
[EventDate "2026.04.07"]
[PlyCount "92"]

1.d4 Nf6 2.c4 e6 3.Nf3 b6 4.a3 Bb7 5.Nc3 d5 6.Qa4+ Qd7 7.Qxd7+ Nbxd7 8.Nb5
Bd6 9.cxd5 Bxd5 10.Nd2 e5 11.dxe5 Bxe5 12.Nf3 O-O-O 13.Nxa7+ Kb7 14.Nb5 
Rhe8 15.Nxe5 Nxe5 16.e3 Nf3+ 17.Ke2 Ne5 18.f3 Bc6 19.Nc3 Nd3 20.e4 Rd6 21.
b4 Red8 22.Bg5 h6 23.Be3 Bd7 24.g3 Be6 25.Nb5 R6d7 26.Nd4 Bc4 27.Kd2 Ne5 
28.Kc3 Nxf3 29.Kxc4 Nxd4 30.Bxd4 Rxd4+ 31.Kb3 Nxe4 32.Rc1 c5 33.Rc2 c4+ 
34.Kb2 Rd2 35.Bxc4 Rxc2+ 36.Kxc2 Rc8 37.Rf1 Rxc4+ 38.Kd3 Nd6 39.Rxf7+ Nxf7
40.Kxc4 Kc6 41.Kd4 Kb5 42.Kd5 Ka4 43.Ke6 Ng5+ 44.Kf5 Kxa3 45.h4 Kxb4 46.
Kg6 Ne4 0-1

[Event "26th EUR-ch"]
[Site "Katowice POL"]
[Date "2026.04.08"]
[Round "2.147"]
[White "Kolosowski, Mateusz"]
[Black "Bochniak, Franciszek"]
[Result "1-0"]
[WhiteElo "2444"]
[BlackElo "2107"]
[EventDate "2026.04.07"]
[PlyCount "75"]

1.d4 Nf6 2.c4 b6 3.Nc3 Bb7 4.Qc2 d5 5.cxd5 Nxd5 6.e4 Nxc3 7.bxc3 e6 8.Nf3 
Be7 9.Bd3 O-O 10.O-O c5 11.d5 exd5 12.exd5 h6 13.c4 Nd7 14.Bf4 b5 15.Rab1 
b4 16.Qd2 Re8 17.Bc2 Qa5 18.Bxh6 Qa6 19.Bf4 Qxc4 20.Rbd1 Nb6 21.Bb3 Qb5 
22.d6 Bf6 23.Bg5 Nd7 24.Bxf6 Nxf6 25.Qg5 Bxf3 26.gxf3 Rad8 27.Rc1 Rxd6 28.
Rxc5 Qb7 29.Rf5 Kh8 30.Qh4+ Kg8 31.Kh1 Qc8 32.Rg5 Rde6 33.Rfg1 g6 34.Rxg6+
fxg6 35.Rxg6+ Kf8 36.Rxf6+ Kg7 37.Qh6+ Kg8 38.Rg6+ 1-0

[Event "26th EUR-ch"]
[Site "Katowice POL"]
[Date "2026.04.08"]
[Round "2.148"]
[White "Paikens, Reinis"]
[Black "Tashkinova, Sofiia"]
[Result "1/2-1/2"]
[WhiteElo "2302"]
[BlackElo "2105"]
[EventDate "2026.04.07"]
[PlyCount "163"]

1.c4 e5 2.g3 Nf6 3.Bg2 d5 4.cxd5 Nxd5 5.Nc3 Nb6 6.Nf3 Nc6 7.Rb1 a5 8.O-O 
Be7 9.d3 Be6 10.Be3 Nd5 11.Nxd5 Bxd5 12.Qa4 O-O 13.Rfc1 Re8 14.Qb5 Bf6 15.
Nd2 Bxg2 16.Kxg2 Qc8 17.Ne4 Be7 18.Rc4 h6 19.Rbc1 f5 20.Nc3 Rb8 21.a3 Qe6 
22.Qd5 Kf7 23.Qf3 Bf6 24.Nb5 Bd8 25.a4 Kg8 26.Rc5 Rc8 27.Nc3 Be7 28.Rb5 
Rb8 29.Qd5 Kf7 30.Kf1 Bd6 31.Bc5 Red8 32.Qxe6+ Kxe6 33.Nd1 Bxc5 34.Rcxc5 
Rd6 35.f4 exf4 36.gxf4 b6 37.Rc3 g6 38.e3 Kd7 39.d4 Nb4 40.Re5 c5 41.Ke2 
cxd4 42.exd4 Rxd4 43.Rg3 Nc6 44.Ree3 g5 45.Rh3 gxf4 46.Rd3 Re8+ 47.Kf2 Re6
48.Nc3 Red6 49.Rxd4 Nxd4 50.Rh5 Kc6 51.h3 Rg6 52.Rh4 Ne6 53.Ne2 Kc5 54.
Nxf4 Nxf4 55.Rxf4 Rf6 56.Kf3 Kd5 57.b4 Ke5 58.bxa5 bxa5 59.Rc4 Rd6 60.Rc5+
Rd5 61.Rc3 Kf6 62.h4 Ke5 63.Re3+ Kd6 64.Rb3 Kc5 65.h5 Kc4 66.Rb6 Rd3+ 67.
Kf4 Rh3 68.Rxh6 Kb4 69.Kxf5 Kxa4 70.Kg4 Rh1 71.Rf6 Rg1+ 72.Kf5 Rh1 73.Kg5 
Rg1+ 74.Kf5 Rf1+ 75.Kg6 Rg1+ 76.Kf7 Rh1 77.h6 Ka3 78.Kg7 a4 79.h7 Rxh7+ 
80.Kxh7 Kb2 81.Rf2+ Kb3 82.Rf3+ 1/2-1/2

[Event "26th EUR-ch"]
[Site "Katowice POL"]
[Date "2026.04.08"]
[Round "2.149"]
[White "Ghazarian, Raffi"]
[Black "Balaji, Aaravamudhan"]
[Result "1/2-1/2"]
[WhiteElo "2079"]
[BlackElo "2301"]
[EventDate "2026.04.07"]
[PlyCount "92"]

1.c4 e5 2.Nc3 Nc6 3.g3 g6 4.Bg2 Bg7 5.d3 d6 6.Rb1 a5 7.a3 Nf6 8.e4 Be6 9.
Nge2 Qd7 10.b4 axb4 11.axb4 Bh3 12.O-O O-O 13.b5 Bxg2 14.Kxg2 Nd8 15.f4 
Ne6 16.f5 Nc5 17.h3 h5 18.Bg5 c6 19.Qd2 Nh7 20.Be3 Qe7 21.g4 hxg4 22.hxg4 
Qh4 23.Rf3 Qd8 24.Rh1 Nb3 25.Qe1 Nd4 26.Rfh3 Nc2 27.Qd2 Nxe3+ 28.Qxe3 Ng5 
29.Rh4 Bf6 30.Ng1 Ra1 31.Nf3 Nxf3 32.Qxf3 Bxh4 33.Rxa1 Kg7 34.Rf1 Bf6 35.
Nd1 Qe7 36.Nf2 Rh8 37.Nh3 Bh4 38.Qe3 Qc7 39.b6 Qd8 40.g5 Qa8 41.Qe2 Qa5 
42.fxg6 fxg6 43.Qg4 Qd2+ 44.Kg1 Qe3+ 45.Kg2 Qd2+ 46.Kg1 Qe3+ 1/2-1/2

[Event "26th EUR-ch"]
[Site "Katowice POL"]
[Date "2026.04.08"]
[Round "2.150"]
[White "Piddubna, Bozhena"]
[Black "Nikolaidis, Konstantinos"]
[Result "1/2-1/2"]
[WhiteElo "2301"]
[BlackElo "2097"]
[EventDate "2026.04.07"]
[PlyCount "61"]

1.Nf3 Nf6 2.c4 g6 3.g3 c6 4.b3 Bg7 5.Bb2 O-O 6.Bg2 d5 7.O-O a5 8.Nc3 Re8 
9.Na4 Nbd7 10.d4 b6 11.Rc1 Bb7 12.Ne5 Rc8 13.cxd5 cxd5 14.Qd3 e6 15.Rxc8 
Qxc8 16.Rc1 Qd8 17.Nf3 Qa8 18.e3 Ba6 19.Qd1 Rc8 20.Bf1 Bf8 21.Ne5 Bxf1 22.
Qxf1 Qb7 23.Rxc8 Qxc8 24.Qb5 Qc7 25.Nxd7 Nxd7 26.Bc3 Be7 27.Kg2 h5 28.h4 
Kg7 29.Kg1 Kg8 30.Kg2 Kg7 31.Kg1 1/2-1/2

[Event "26th EUR-ch"]
[Site "Katowice POL"]
[Date "2026.04.08"]
[Round "2.151"]
[White "Matskevich, Varvara"]
[Black "Noy, Eyal"]
[Result "0-1"]
[WhiteElo "2073"]
[BlackElo "2300"]
[EventDate "2026.04.07"]
[PlyCount "214"]

1.e4 d5 2.exd5 Nf6 3.d4 Nxd5 4.c4 Nb6 5.Nc3 g6 6.Be3 Bg7 7.h3 O-O 8.Nf3 
Nc6 9.Be2 Re8 10.O-O e5 11.dxe5 Be6 12.b3 Nxe5 13.Nd4 Bd7 14.c5 Nc8 15.Qc2
Ne7 16.Rad1 Qc8 17.Rfe1 N5c6 18.Nxc6 Bxc6 19.Bg4 Nf5 20.Bxf5 gxf5 21.Ne2 
Be4 22.Qd2 Rd8 23.Qb4 a5 24.Qa4 Re8 25.Ng3 Bc3 26.Bd2 Bg7 27.Bg5 h6 28.Bf4
Bc6 29.Qc4 Re6 30.Rxe6 Qxe6 31.Qxe6 fxe6 32.Bxc7 a4 33.Nh5 Bc3 34.Rd3 Bb2 
35.Nf4 Kf7 36.f3 a3 37.Rd1 e5 38.Nd3 Bd4+ 39.Kh2 Kf6 40.Nb4 Bb5 41.f4 Rc8 
42.Bd6 Ke6 43.fxe5 Bxc5 44.Nd5 Bxd6 45.exd6 Bc6 46.Nf4+ Ke5 47.Ng6+ Ke6 
48.Nf4+ Ke5 49.Ng6+ Ke6 50.h4 Rd8 51.Nf4+ Ke5 52.Nd3+ Ke6 53.Nf4+ Ke5 54.
Nd3+ Kd4 55.Nb2+ Kc3 56.Nc4 Kc2 57.Rd2+ Kc3 58.Rd1 Kc2 59.Rd2+ Kc3 60.Rd1 
Rg8 61.g3 Re8 62.Rc1+ Kb4 63.Rc2 Re1 64.Kh3 b5 65.Ne5 Rh1+ 66.Rh2 Rxh2+ 
67.Kxh2 Be8 68.g4 fxg4 69.Nxg4 Kc3 70.Nf6 Bc6 71.Nd5+ Kb2 72.Nb4 Bd7 73.
Kg3 Kc3 74.Nd5+ Kb2 75.Nb4 Kc3 76.Nd5+ Kd4 77.Nf6 Bc6 78.Kf4 b4 79.Kf5 Kc3
80.Nd5+ Kb2 81.Nxb4 Bd7+ 82.Ke5 Kc3 83.Nd5+ Kb2 84.Nb6 Kxa2 85.Nxd7 Kb1 
86.Nf6 a2 87.d7 a1=Q+ 88.Ke6 Qa6+ 89.Ke7 Qe2+ 90.Kd6 Qd3+ 91.Nd5 Qg3+ 92.
Kc6 Qxh4 93.b4 h5 94.b5 Qd8 95.Nf4 h4 96.b6 Qf6+ 97.Kc5 Qf5+ 98.Kc6 Qf6+ 
99.Kc5 Qc3+ 100.Kb5 Qd4 101.Kc6 Qa4+ 102.Kc7 Qxf4+ 103.Kc8 Qc4+ 104.Kb7 
Qd5+ 105.Kc7 Qc5+ 106.Kb7 Qd6 107.Kc8 Qc6+ 0-1

[Event "26th EUR-ch"]
[Site "Katowice POL"]
[Date "2026.04.08"]
[Round "2.152"]
[White "Zlatkov, Anton"]
[Black "Szente Varga, Fruzsina"]
[Result "1-0"]
[WhiteElo "2299"]
[BlackElo "2078"]
[EventDate "2026.04.07"]
[PlyCount "115"]

1.e4 c5 2.Nf3 Nc6 3.d4 cxd4 4.Nxd4 g6 5.c4 Nf6 6.Nc3 d6 7.Be2 Nxd4 8.Qxd4 
Bg7 9.Be3 O-O 10.Qd2 a5 11.a4 Be6 12.Rd1 Rc8 13.b3 Nd7 14.h4 Nc5 15.Qc2 f5
16.h5 f4 17.Bc1 Qb6 18.Nb5 g5 19.h6 Bf6 20.Bb2 g4 21.Bd4 Bd7 22.Rh5 f3 23.
gxf3 Bxb5 24.cxb5 Bxd4 25.Qc4+ Ne6 26.Qxe6+ Kh8 27.Bc4 Bxf2+ 28.Kd2 Bh4 
29.Qxg4 Qf2+ 30.Kc1 Bf6 31.e5 Qe3+ 32.Kb1 Bxe5 33.Rxe5 Qxe5 34.Rg1 Qf5+ 
35.Qxf5 Rxf5 36.Be6 Rcf8 37.Bxf5 Rxf5 38.Rg7 Re5 39.Kc2 b6 40.Kd3 Re6 41.
Kd4 Rxh6 42.Rxe7 Rf6 43.Kd5 h5 44.Rb7 h4 45.Rxb6 h3 46.Rc6 Rxf3 47.Rc1 
Rxb3 48.Kxd6 Kg7 49.Kc7 h2 50.Rh1 Rb4 51.b6 Rxa4 52.b7 Rc4+ 53.Kb6 Rb4+ 
54.Ka7 Kf6 55.b8=Q Rxb8 56.Kxb8 Ke5 57.Rxh2 Kd4 58.Ra2 1-0

[Event "26th EUR-ch"]
[Site "Katowice POL"]
[Date "2026.04.08"]
[Round "2.153"]
[White "Heimisson, Hilmir Freyr"]
[Black "Gikas, Andreas Basilius"]
[Result "1-0"]
[WhiteElo "2297"]
[BlackElo "2072"]
[EventDate "2026.04.07"]
[PlyCount "47"]

1.e4 Nf6 2.e5 Nd5 3.c4 Nb6 4.d4 d6 5.f4 dxe5 6.fxe5 Nc6 7.Be3 Bf5 8.Nc3 e6
9.Nf3 Qd7 10.Be2 Rd8 11.O-O Bg4 12.c5 Nd5 13.Nxd5 Qxd5 14.Qe1 Bh5 15.Ng5 
Bg6 16.Bf3 Qd7 17.Rd1 Be7 18.Qg3 Nb4 19.Nxf7 Bxf7 20.Qxg7 Rf8 21.Qxh7 Nd5 
22.Bh6 Bf6 23.exf6 Nxf6 24.Qg7 1-0

[Event "26th EUR-ch"]
[Site "Katowice POL"]
[Date "2026.04.08"]
[Round "2.154"]
[White "Hertlein, Irena"]
[Black "Bendayan Claros, Aaron"]
[Result "0-1"]
[WhiteElo "2057"]
[BlackElo "2296"]
[EventDate "2026.04.07"]
[PlyCount "72"]

1.e4 c5 2.c3 Nf6 3.e5 Nd5 4.Bc4 Nb6 5.Bb3 Nc6 6.Nf3 d5 7.exd6 Qxd6 8.O-O 
e5 9.d4 exd4 10.cxd4 c4 11.Bc2 Bg4 12.Re1+ Be7 13.Re4 Bxf3 14.Qxf3 Nxd4 
15.Qd1 Rd8 16.Bf4 Qd7 17.Nc3 O-O 18.Be3 Bf6 19.Bxd4 Bxd4 20.Qf3 Qc6 21.Qh3
g6 22.Rae1 Bg7 23.Qe3 Nd5 24.Nxd5 Qxd5 25.b3 c3 26.Qg3 Qc5 27.Rc4 Qa3 28.
h4 Qxa2 29.Be4 Qxb3 30.Rc7 b5 31.h5 Rd1 32.Qe3 Rxe1+ 33.Qxe1 Rd8 34.Bf3 c2
35.Kh2 Bh6 36.Rc3 Qxc3 0-1

[Event "26th EUR-ch"]
[Site "Katowice POL"]
[Date "2026.04.08"]
[Round "2.155"]
[White "Nakonechnyi, Oleksii"]
[Black "Sprzeczka, Emilia"]
[Result "1-0"]
[WhiteElo "2296"]
[BlackElo "2066"]
[EventDate "2026.04.07"]
[PlyCount "91"]

1.c4 e5 2.Nc3 Nc6 3.g3 f5 4.Bg2 Nf6 5.d3 d6 6.e3 g6 7.a3 a5 8.d4 Bg7 9.
Nge2 O-O 10.O-O e4 11.f3 exf3 12.Bxf3 Ne7 13.Nf4 g5 14.Nfd5 Nexd5 15.Nxd5 
c6 16.Nxf6+ Qxf6 17.Bg2 Be6 18.Qd3 d5 19.cxd5 Bxd5 20.Bxd5+ cxd5 21.Bd2 h5
22.Rf2 Ra6 23.Raf1 Qg6 24.Qb5 Qe6 25.Bxa5 f4 26.Bb4 Rf6 27.exf4 gxf4 28.
Rxf4 Rxf4 29.Rxf4 Rc6 30.Qd3 Qh3 31.Bc3 Re6 32.Qf1 Qxf1+ 33.Kxf1 Rd6 34.
Rf5 h4 35.Kg2 hxg3 36.hxg3 Kh7 37.Kf3 Kg6 38.g4 Bf6 39.Ke2 Re6+ 40.Kd3 Rd6
41.a4 Rd7 42.a5 Rd8 43.Bb4 Rd7 44.Bc5 Bg5 45.b4 Rd8 46.Rxg5+ 1-0

[Event "26th EUR-ch"]
[Site "Katowice POL"]
[Date "2026.04.08"]
[Round "2.156"]
[White "Kulich, Daniel"]
[Black "Sliwicka, Alicja"]
[Result "1/2-1/2"]
[WhiteElo "2045"]
[BlackElo "2293"]
[EventDate "2026.04.07"]
[PlyCount "49"]

1.d4 Nf6 2.Nf3 c5 3.c4 cxd4 4.Nxd4 e5 5.Nc2 d5 6.cxd5 Qxd5 7.Qxd5 Nxd5 8.
e4 Nb4 9.Nxb4 Bxb4+ 10.Bd2 Bxd2+ 11.Nxd2 Nc6 12.Bb5 Bd7 13.Nc4 Nd4 14.
Bxd7+ Kxd7 15.Rc1 f6 16.Ne3 Rhc8 17.Kd2 Rc6 18.Rxc6 Nxc6 19.Rd1 Nd4 20.Nc2
Nxc2 21.Kxc2+ Ke6 22.Rd3 g6 23.Rc3 Kd6 24.Rd3+ Ke6 25.Rc3 1/2-1/2